Параметрическая идентификация нелинейных дифференциальных уравнений на основе сплайн схем, точных на многочленах; Автоматика и телемеханика; № 5

Podrobná bibliografie
Parent link:Автоматика и телемеханика: ежемесячный журнал/ Российская академия наук.— , 1936-
№ 5.— 1997.— С. 53-63
Hlavní autor: Константинова Л. И. Людмила Ивановна
Další autoři: Кочегуров В. А. Владимир Александрович, Шумилов Б. М.
Shrnutí:Решается задача определения коэффициентов дифференциальных уравнений нелинейной динамической системы. Для группы однородных объектов экспоненциального типа уравнения системы используются в линеаризованном виде. Рассматривается пример оценки состояния организма детей первого года жизни по измерениям T- и B-лимфоцитов крови
Jazyk:ruština
Vydáno: 1997
Témata:
Médium: MixedMaterials Kapitola
KOHA link:https://koha.lib.tpu.ru/cgi-bin/koha/opac-detail.pl?biblionumber=517943

MARC

LEADER 00000naa2a2200000 4500
001 517943
005 20231101105758.0
035 |a (RuTPU)RU\TPU\prd\196315 
090 |a 517943 
100 |a 20130930a1997 k y0rusy50 ca 
101 0 |a rus 
102 |a RU 
200 1 |a Параметрическая идентификация нелинейных дифференциальных уравнений на основе сплайн схем, точных на многочленах  |f Л. И. Константинова, В. А. Кочегуров, Б. М. Шумилов 
320 |a Библиогр.: 18 назв. 
330 |a Решается задача определения коэффициентов дифференциальных уравнений нелинейной динамической системы. Для группы однородных объектов экспоненциального типа уравнения системы используются в линеаризованном виде. Рассматривается пример оценки состояния организма детей первого года жизни по измерениям T- и B-лимфоцитов крови 
461 1 |0 (RuTPU)RU\TPU\prd\1299  |t Автоматика и телемеханика  |o ежемесячный журнал  |f Российская академия наук  |d 1936- 
463 1 |0 (RuTPU)RU\TPU\prd\135023  |t № 5  |v С. 53-63  |d 1997 
610 1 |a труды учёных ТПУ 
700 1 |a Константинова  |b Л. И.  |c специалист в области прикладной математики  |c доцент Томского политехнического университета, кандидат технических наук  |f 1941-  |g Людмила Ивановна  |2 stltpush  |3 (RuTPU)RU\TPU\pers\25733 
701 1 |a Кочегуров  |b В. А.  |c математик  |c профессор Томского политехнического университета  |f 1931-  |g Владимир Александрович  |2 stltpush  |3 (RuTPU)RU\TPU\pers\13833 
701 1 |a Шумилов  |b Б. М. 
801 1 |a RU  |b 63413507  |c 20130930 
801 2 |a RU  |b 63413507  |c 20130930  |g RCR 
942 |c BK